| 000 | 00792cam a22001937a 4500 | ||
|---|---|---|---|
| 020 | _a0074714015 (pbk.) | ||
| 050 | 0 | 0 |
_aRG 186 _b.W74 2004 |
| 100 | 1 | _aWren, Barry G. | |
| 245 | 1 | 0 |
_aUnderstanding menopause and hormonal therapy : _ba woman's guide / _cBarry Wren. |
| 250 | _a2nd ed. | ||
| 260 |
_aSydney, NSW : _bMcGraw-Hill Australia, _cc2004. |
||
| 300 | _a159 p. : | ||
| 500 | _a"A woman in the autumn of her lif, deserves an Indian Summer rather than a Winter of discontent -- Robert Greenblatt 1907--1987." | ||
| 650 | 0 | _xHormone therapy. | |
| 856 | 4 | 1 | _uhttp://www.loc.gov/catdir/toc/fy0609/2006355250.html |
| 856 | 4 | 2 | _uhttp://www.loc.gov/catdir/enhancements/fy0634/2006355250-b.html |
| 856 | 4 | 2 | _uhttp://www.loc.gov/catdir/enhancements/fy0634/2006355250-d.html |
| 942 |
_2lcc _cGEN |
||
| 999 |
_c5252 _d5252 |
||